[Event "Poznan Chess Festival"]
[Site "chess24.com"]
[Date "2021.08.19"]
[Round "6"]
[White "Korzeniewski, Lucjan"]
[Black "Rozumek, Krzysztof"]
[Result "0-1"]
[Board "22"]
[WhiteElo "1203"]
[WhiteCountry "POL"]
[WhiteFideId "21097950"]
[WhiteEloChange "-2"]
[BlackElo "1859"]
[BlackCountry "POL"]
[BlackFideId "1180215"]
[BlackEloChange "2"]

1. d4 {[%clk 1:30:58]} Nf6 {[%clk 1:30:59]} 2. c4 {[%clk 1:31:11]} e5 {[%clk
1:31:28]} 3. dxe5 {[%clk 1:30:33]} Ng4 {[%clk 1:31:56]} 4. Nf3 {[%clk 1:30:52]}
Bc5 {[%clk 1:32:24]} 5. e3 {[%clk 1:29:47]} Nc6 {[%clk 1:32:53]} 6. b3 {[%clk
1:27:21]} Ngxe5 {[%clk 1:33:19]} 7. Nxe5 {[%clk 1:27:24]} Nxe5 {[%clk 1:33:47]}
8. Bb2 {[%clk 1:27:30]} d6 {[%clk 1:32:14]} 9. Be2 {[%clk 1:24:20]} O-O {[%clk
1:32:27]} 10. O-O {[%clk 1:24:47]} f5 {[%clk 1:29:11]} 11. Qd5+ {[%clk 1:18:13]}
Nf7 {[%clk 1:28:20]} 12. Rd1 {[%clk 1:16:57]} Qe7 {[%clk 1:27:06]} 13. Nc3 {[%clk
1:12:14]} Re8 {[%clk 1:24:34]} 14. Rd2 {[%clk 1:05:10]} Qg5 {[%clk 1:19:27]} 15.
Rad1 {[%clk 1:00:10]} c6 {[%clk 1:14:08]} 16. Qf3 {[%clk 0:59:21]} Rxe3 {[%clk
1:14:09]} 17. fxe3 {[%clk 0:58:39]} Bxe3+ {[%clk 1:14:36]} 18. Kf1 {[%clk
0:58:00]} Bxd2 {[%clk 1:15:03]} 19. Bd3 {[%clk 0:54:39]} Qf4 {[%clk 1:13:10]} 20.
Qxf4 {[%clk 0:53:02]} Bxf4 {[%clk 1:13:38]} 21. Re1 {[%clk 0:53:31]} Be5 {[%clk
1:13:29]} 22. Nd1 {[%clk 0:52:43]} Bd7 {[%clk 1:12:23]} 23. Ba3 {[%clk 0:52:37]}
Re8 {[%clk 1:12:39]} 24. h3 {[%clk 0:52:42]} g6 {[%clk 1:12:31]} 25. h4 {[%clk
0:49:35]} h5 {[%clk 1:10:20]} 26. Nf2 {[%clk 0:49:24]} Bg3 {[%clk 1:10:29]} 27.
Rxe8+ {[%clk 0:49:35]} Bxe8 {[%clk 1:10:58]} 28. Nh3 {[%clk 0:50:03]} Bd7 {[%clk
1:09:14]} 29. Ke2 {[%clk 0:50:09]} Bxh4 {[%clk 1:09:16]} 30. Nf4 {[%clk 0:50:23]}
Kg7 {[%clk 1:09:23]} 31. b4 {[%clk 0:49:58]} Bf6 {[%clk 1:09:05]} 32. b5 {[%clk
0:50:18]} Be5 {[%clk 1:09:03]} 33. bxc6 {[%clk 0:50:30]} bxc6 {[%clk 1:09:32]}
34. Ke3 {[%clk 0:49:59]} h4 {[%clk 1:08:52]} 0-1

[Event "Poznan Chess Festival"]
[Site "chess24.com"]
[Date "2021.08.19"]
[Round "6"]
[White "Rusinski, Mateusz"]
[Black "Anand M P"]
[Result "0-1"]
[Board "23"]
[WhiteElo "1798"]
[WhiteCountry "POL"]
[WhiteFideId "1144251"]
[WhiteEloChange "-18"]
[BlackElo "1392"]
[BlackCountry "IND"]
[BlackFideId "45087644"]
[BlackEloChange "18"]

1. e4 {[%clk 1:30:56]} e6 {[%clk 1:30:58]} 2. d4 {[%clk 1:31:18]} d5 {[%clk
1:31:22]} 3. Nc3 {[%clk 1:31:43]} Nf6 {[%clk 1:31:41]} 4. Bg5 {[%clk 1:32:02]}
dxe4 {[%clk 1:31:58]} 5. Nxe4 {[%clk 1:32:11]} Be7 {[%clk 1:32:23]} 6. Nxf6+
{[%clk 1:32:10]} Bxf6 {[%clk 1:32:46]} 7. Bxf6 {[%clk 1:32:32]} Qxf6 {[%clk
1:33:13]} 8. Nf3 {[%clk 1:32:40]} Nd7 {[%clk 1:28:49]} 9. Bd3 {[%clk 1:31:21]}
Qf4 {[%clk 1:23:25]} 10. O-O {[%clk 1:28:15]} O-O {[%clk 1:23:26]} 11. c3 {[%clk
1:26:47]} h6 {[%clk 1:19:35]} 12. Re1 {[%clk 1:25:57]} c5 {[%clk 1:18:30]} 13.
dxc5 {[%clk 1:25:35]} Nxc5 {[%clk 1:17:17]} 14. Bc2 {[%clk 1:25:42]} Qc7 {[%clk
1:17:22]} 15. Qe2 {[%clk 1:24:42]} b6 {[%clk 1:16:53]} 16. b4 {[%clk 1:23:21]}
Nd7 {[%clk 1:17:20]} 17. Qe4 {[%clk 1:23:22]} Nf6 {[%clk 1:17:26]} 18. Qxa8
{[%clk 1:16:49]} Bb7 {[%clk 1:17:51]} 19. Qxa7 {[%clk 1:16:30]} Ra8 {[%clk
1:18:16]} 20. Qxa8+ {[%clk 1:16:43]} Bxa8 {[%clk 1:18:44]} 21. Rec1 {[%clk
1:13:37]} Bxf3 {[%clk 1:17:56]} 22. gxf3 {[%clk 1:13:57]} Nd5 {[%clk 1:18:20]}
23. a4 {[%clk 1:12:35]} Nf4 {[%clk 1:18:03]} 24. Kh1 {[%clk 1:06:35]} f5 {[%clk
1:16:32]} 25. Bb3 {[%clk 1:02:06]} Qb7 {[%clk 1:12:58]} 26. Bd1 {[%clk 1:01:59]}
Qf7 {[%clk 1:12:37]} 27. Bb3 {[%clk 1:01:22]} Qh5 {[%clk 1:12:52]} 28. Bxe6+
{[%clk 0:56:56]} Nxe6 {[%clk 1:13:20]} 29. Rg1 {[%clk 0:55:51]} Qxf3+ {[%clk
1:13:15]} 30. Rg2 {[%clk 0:56:15]} Nf4 {[%clk 1:13:35]} 31. Rg1 {[%clk 0:56:37]}
Nxg2 {[%clk 1:11:52]} 32. Rxg2 {[%clk 0:56:59]} Qxc3 {[%clk 1:12:11]} 33. a5
{[%clk 0:57:21]} bxa5 {[%clk 1:11:47]} 34. bxa5 {[%clk 0:57:45]} Qxa5 {[%clk
1:12:08]} 35. h3 {[%clk 0:57:57]} Qe1+ {[%clk 1:11:15]} 36. Kh2 {[%clk 0:58:17]}
Qe5+ {[%clk 1:11:40]} 37. Kg1 {[%clk 0:57:12]} Qf4 {[%clk 1:09:02]} 38. Rg3
{[%clk 0:57:23]} g5 {[%clk 1:09:07]} 39. Re3 {[%clk 0:57:32]} Kf7 {[%clk
1:09:16]} 40. Rg3 {[%clk 0:57:52]} Kf6 {[%clk 1:09:07]} 41. Re3 {[%clk 0:58:17]}
Qc4 {[%clk 1:05:28]} 42. Kg2 {[%clk 0:58:05]} f4 {[%clk 1:05:33]} 43. Ra3 {[%clk
0:58:15]} h5 {[%clk 1:05:28]} 44. Ra1 {[%clk 0:58:24]} f3+ {[%clk 1:05:34]} 45.
Kh2 {[%clk 0:58:07]} Qe2 {[%clk 1:05:35]} 46. Kg1 {[%clk 0:58:10]} g4 {[%clk
1:05:59]} 47. hxg4 {[%clk 0:57:31]} hxg4 {[%clk 1:06:26]} 48. Kh1 {[%clk
0:57:24]} Qxf2 {[%clk 1:06:16]} 49. Ra6+ {[%clk 0:57:42]} Kg7 {[%clk 1:06:43]}
50. Rg6+ {[%clk 0:57:44]} Kf7 {[%clk 1:07:11]} 51. Rf6+ {[%clk 0:57:49]} Ke7
{[%clk 1:07:39]} 52. Re6+ {[%clk 0:58:04]} Kd7 {[%clk 1:08:08]} 53. Rd6+ {[%clk
0:58:12]} Kc7 {[%clk 1:08:37]} 54. Rc6+ {[%clk 0:58:23]} Kb7 {[%clk 1:09:05]} 55.
Rc7+ {[%clk 0:58:31]} Ka6 {[%clk 1:09:28]} 56. Rc6+ {[%clk 0:57:17]} Qb6 {[%clk
1:09:56]} 0-1

[Event "Poznan Chess Festival"]
[Site "chess24.com"]
[Date "2021.08.19"]
[Round "6"]
[White "Sobczak, Miroslaw"]
[Black "Nicikowski, Jozef"]
[Result "1-0"]
[Board "24"]
[WhiteElo "1748"]
[WhiteCountry "POL"]
[WhiteFideId "1114182"]
[WhiteEloChange "2"]
[BlackElo "1372"]
[BlackCountry "POL"]
[BlackFideId "21816468"]
[BlackEloChange "-2"]

1. e4 {[%clk 1:28:37]} d5 {[%clk 1:30:52]} 2. exd5 {[%clk 1:29:01]} Nf6 {[%clk
1:31:16]} 3. Bb5+ {[%clk 1:29:14]} Bd7 {[%clk 1:31:09]} 4. Bc4 {[%clk 1:29:35]}
c6 {[%clk 1:30:34]} 5. dxc6 {[%clk 1:29:59]} Bxc6 {[%clk 1:30:49]} 6. Nf3 {[%clk
1:30:28]} e6 {[%clk 1:28:53]} 7. O-O {[%clk 1:24:01]} Bd6 {[%clk 1:29:16]} 8. d3
{[%clk 1:24:29]} O-O {[%clk 1:29:29]} 9. Bg5 {[%clk 1:24:52]} h6 {[%clk 1:29:09]}
10. Bh4 {[%clk 1:25:18]} Nbd7 {[%clk 1:29:10]} 11. Nbd2 {[%clk 1:25:35]} Qc7
{[%clk 1:27:55]} 12. Bg3 {[%clk 1:24:15]} Bxg3 {[%clk 1:28:06]} 13. hxg3 {[%clk
1:24:44]} e5 {[%clk 1:24:16]} 14. Re1 {[%clk 1:25:02]} Ng4 {[%clk 1:24:44]} 15.
Bb3 {[%clk 1:23:22]} Kh8 {[%clk 1:23:58]} 16. Nh4 {[%clk 1:23:21]} h5 {[%clk
1:23:33]} 17. Qe2 {[%clk 1:23:25]} Rae8 {[%clk 1:17:38]} 18. f3 {[%clk 1:19:01]}
Qb6+ {[%clk 1:12:51]} 19. Kh1 {[%clk 1:18:17]} Nf2+ {[%clk 1:09:55]} 20. Kh2
{[%clk 1:18:44]} Nf6 {[%clk 1:09:51]} 21. Nc4 {[%clk 1:15:44]} N6g4+ {[%clk
1:02:38]} 22. fxg4 {[%clk 1:15:14]} Qd4 {[%clk 0:57:53]} 23. Ne3 {[%clk 1:15:31]}
Nxg4+ {[%clk 0:56:51]} 24. Nxg4 {[%clk 1:15:59]} hxg4 {[%clk 0:57:12]} 25. Nf5
{[%clk 1:16:15]} Qxb2 {[%clk 0:50:20]} 26. Qxg4 {[%clk 1:16:22]} e4 {[%clk
0:50:42]} 27. Nh4 {[%clk 1:15:27]} g6 {[%clk 0:49:37]} 28. dxe4 {[%clk 1:11:05]}
Re5 {[%clk 0:47:13]} 29. Bxf7 {[%clk 1:09:57]} Rxf7 {[%clk 0:42:38]} 30. Nxg6+
{[%clk 1:10:20]} Kg8 {[%clk 0:41:03]} 31. Nxe5+ {[%clk 1:10:48]} Rg7 {[%clk
0:41:11]} 32. Qe6+ {[%clk 1:09:55]} Kh7 {[%clk 0:41:33]} 33. Qf5+ {[%clk
1:09:46]} Kg8 {[%clk 0:41:45]} 34. Nf3 {[%clk 1:10:13]} Bd7 {[%clk 0:41:30]} 35.
Qd5+ {[%clk 1:10:23]} Kf8 {[%clk 0:41:11]} 36. Rab1 {[%clk 1:10:32]} Rh7+ {[%clk
0:40:19]} 37. Nh4 {[%clk 1:11:00]} Qh8 {[%clk 0:40:04]} 38. Qd6+ {[%clk 1:10:26]}
1-0

[Event "Poznan Chess Festival"]
[Site "chess24.com"]
[Date "2021.08.19"]
[Round "6"]
[White "Jaworski, Mateusz"]
[Black "Skrzypczak, Jakub"]
[Result "1-0"]
[Board "25"]
[WhiteElo "1712"]
[WhiteCountry "POL"]
[WhiteFideId "1141155"]
[WhiteEloChange "2"]
[BlackElo "1350"]
[BlackCountry "POL"]
[BlackFideId "1148079"]
[BlackEloChange "-2"]

1. e4 {[%clk 1:30:58]} c6 {[%clk 1:30:49]} 2. d4 {[%clk 1:31:07]} d5 {[%clk
1:31:13]} 3. e5 {[%clk 1:31:27]} Bf5 {[%clk 1:31:08]} 4. Be3 {[%clk 1:31:28]} e6
{[%clk 1:31:17]} 5. Nd2 {[%clk 1:31:42]} Nd7 {[%clk 1:30:16]} 6. Be2 {[%clk
1:30:02]} c5 {[%clk 1:29:01]} 7. c3 {[%clk 1:30:20]} cxd4 {[%clk 1:28:42]} 8.
cxd4 {[%clk 1:30:41]} Bb4 {[%clk 1:28:31]} 9. Nf3 {[%clk 1:30:14]} Ne7 {[%clk
1:27:11]} 10. O-O {[%clk 1:30:15]} O-O {[%clk 1:27:27]} 11. Rc1 {[%clk 1:22:25]}
Ba5 {[%clk 1:20:26]} 12. Nh4 {[%clk 1:17:47]} Rc8 {[%clk 1:13:50]} 13. Bg5 {[%clk
0:48:17]} f6 {[%clk 1:12:30]} 14. exf6 {[%clk 0:47:17]} Nxf6 {[%clk 1:12:36]} 15.
Nxf5 {[%clk 0:44:39]} Nxf5 {[%clk 1:12:36]} 16. Nf3 {[%clk 0:44:51]} Bb6 {[%clk
1:07:31]} 17. g4 {[%clk 0:39:37]} Rxc1 {[%clk 1:07:10]} 18. Bxc1 {[%clk 0:39:18]}
Nxg4 {[%clk 1:05:13]} 19. Ng5 {[%clk 0:38:40]} Nge3 {[%clk 1:01:11]} 20. Nxe6
{[%clk 0:27:20]} Nxd1 {[%clk 0:58:52]} 21. Nxd8 {[%clk 0:27:45]} Rxd8 {[%clk
0:59:06]} 22. Rxd1 {[%clk 0:27:54]} Nxd4 {[%clk 0:56:38]} 23. Bg4 {[%clk
0:27:50]} Kf7 {[%clk 0:50:14]} 24. Rd3 {[%clk 0:23:30]} Nc6 {[%clk 0:43:22]} 25.
Rf3+ {[%clk 0:19:41]} Ke8 {[%clk 0:39:09]} 26. Rh3 {[%clk 0:12:57]} Rd6 {[%clk
0:31:57]} 27. Kf1 {[%clk 0:10:30]} Rf6 {[%clk 0:30:46]} 28. f4 {[%clk 0:09:14]}
Ne5 {[%clk 0:27:08]} 29. Bc8 {[%clk 0:08:41]} Rf7 {[%clk 0:22:33]} 30. Bd2 {[%clk
0:03:49]} Nc4 {[%clk 0:20:07]} 31. Bc1 {[%clk 0:03:50]} Re7 {[%clk 0:17:36]} 32.
Rxh7 {[%clk 0:03:05]} Be3 {[%clk 0:17:25]} 33. Bxe3 {[%clk 0:02:34]} Nxe3+ {[%clk
0:17:29]} 34. Kg1 {[%clk 0:02:48]} Rf7 {[%clk 0:14:25]} 35. Kf2 {[%clk 0:02:04]}
d4 {[%clk 0:13:45]} 36. Kf3 {[%clk 0:02:07]} Nc2 {[%clk 0:12:38]} 37. Be6 {[%clk
0:02:02]} Rc7 {[%clk 0:10:59]} 38. Ke4 {[%clk 0:02:12]} a5 {[%clk 0:07:27]} 39.
f5 {[%clk 0:02:22]} Kd8 {[%clk 0:07:12]} 40. h4 {[%clk 0:01:27]} Re7 {[%clk
0:04:48]} 41. Rh8+ {[%clk 0:00:55]} Re8 {[%clk 0:04:57]} 42. Rh7 {[%clk 0:01:24]}
Re7 {[%clk 0:05:24]} 43. h5 {[%clk 0:01:51]} b5 {[%clk 0:04:51]} 44. Kd3 {[%clk
0:02:06]} Ne1+ {[%clk 0:03:08]} 45. Kxd4 {[%clk 0:02:13]} Nf3+ {[%clk 0:03:34]}
46. Kc5 {[%clk 0:02:31]} Ng5 {[%clk 0:03:00]} 47. Rh8+ {[%clk 0:02:43]} Kc7
{[%clk 0:03:19]} 48. Kxb5 {[%clk 0:02:31]} Nxe6 {[%clk 0:03:29]} 49. fxe6 {[%clk
0:03:00]} Rxe6 {[%clk 0:03:55]} 50. Kxa5 {[%clk 0:03:15]} Re2 {[%clk 0:03:56]}
51. Rh7 {[%clk 0:03:05]} Rxb2 {[%clk 0:03:27]} 52. Rxg7+ {[%clk 0:03:30]} Kc6
{[%clk 0:03:22]} 53. a3 {[%clk 0:03:26]} Rh2 {[%clk 0:03:19]} 54. Rg6+ {[%clk
0:03:44]} Kc5 {[%clk 0:03:38]} 55. h6 {[%clk 0:04:08]} Rh1 {[%clk 0:02:56]} 56.
Ka4 {[%clk 0:02:03]} Kc4 {[%clk 0:03:05]} 57. Rc6+ {[%clk 0:01:49]} Kd5 {[%clk
0:03:07]} 58. Rb6 {[%clk 0:02:00]} Kc5 {[%clk 0:03:12]} 59. Ka5 {[%clk 0:00:54]}
Rh3 {[%clk 0:03:17]} 60. a4 {[%clk 0:01:00]} Rh4 {[%clk 0:02:31]} 61. Rb5+ {[%clk
0:01:13]} Kc6 {[%clk 0:02:58]} 62. Rb6+ {[%clk 0:01:12]} Kc5 {[%clk 0:03:10]} 63.
Rg6 {[%clk 0:00:58]} Rh5 {[%clk 0:03:13]} 64. Ka6 {[%clk 0:01:12]} Kb4 {[%clk
0:03:39]} 65. Rb6+ {[%clk 0:01:06]} Kxa4 {[%clk 0:03:50]} 66. Kb7 {[%clk
0:01:28]} Ka5 {[%clk 0:03:43]} 67. Kc7 {[%clk 0:01:44]} Rh1 {[%clk 0:03:28]} 68.
Rd6 {[%clk 0:01:50]} Kb5 {[%clk 0:03:30]} 69. Kd7 {[%clk 0:02:11]} Kc5 {[%clk
0:03:04]} 70. Ke7 {[%clk 0:02:27]} Rh2 {[%clk 0:02:49]} 71. Re6 {[%clk 0:02:41]}
Kd5 {[%clk 0:02:58]} 72. Kf7 {[%clk 0:03:06]} Rh1 {[%clk 0:02:26]} 73. Rf6 {[%clk
0:03:17]} Ke5 {[%clk 0:02:37]} 74. Kg7 {[%clk 0:03:24]} Rh2 {[%clk 0:02:53]} 75.
Rg6 {[%clk 0:02:24]} Ra2 {[%clk 0:00:45]} 76. h7 {[%clk 0:02:45]} Ra7+ {[%clk
0:01:11]} 77. Kh6 {[%clk 0:03:10]} Ra8 {[%clk 0:01:35]} 78. Rg8 {[%clk 0:03:36]}
Ra6+ {[%clk 0:02:03]} 79. Kg5 {[%clk 0:03:52]} Rg6+ {[%clk 0:01:14]} 80. Rxg6
{[%clk 0:03:52]} 1-0

[Event "Poznan Chess Festival"]
[Site "chess24.com"]
[Date "2021.08.19"]
[Round "6"]
[White "Pietras, Igor"]
[Black "Litke, Slawomir"]
[Result "1-0"]
[Board "26"]
[WhiteElo "1391"]
[WhiteCountry "POL"]
[WhiteFideId "21867186"]
[WhiteEloChange "16"]
[BlackElo "1623"]
[BlackCountry "POL"]
[BlackFideId "21882282"]
[BlackEloChange "-16"]

1. e4 {[%clk 1:30:55]} e5 {[%clk 1:29:59]} 2. Nf3 {[%clk 1:31:08]} Nc6 {[%clk
1:29:52]} 3. d4 {[%clk 1:30:42]} exd4 {[%clk 1:30:09]} 4. Bc4 {[%clk 1:31:06]}
Nf6 {[%clk 1:27:45]} 5. e5 {[%clk 1:31:26]} d5 {[%clk 1:28:13]} 6. Bb5 {[%clk
1:31:17]} Ne4 {[%clk 1:28:41]} 7. Nxd4 {[%clk 1:29:43]} Bd7 {[%clk 1:29:09]} 8.
Bxc6 {[%clk 1:28:24]} bxc6 {[%clk 1:29:33]} 9. O-O {[%clk 1:26:50]} Bc5 {[%clk
1:27:44]} 10. Be3 {[%clk 1:23:12]} Qh4 {[%clk 1:21:49]} 11. f3 {[%clk 1:12:09]}
Ng5 {[%clk 1:21:50]} 12. f4 {[%clk 1:11:15]} Ne4 {[%clk 1:16:28]} 13. Nd2 {[%clk
1:06:51]} Nxd2 {[%clk 1:16:12]} 14. Qxd2 {[%clk 1:04:01]} O-O {[%clk 1:05:01]}
15. Nb3 {[%clk 0:57:53]} Bxe3+ {[%clk 0:56:25]} 16. Qxe3 {[%clk 0:56:40]} Bf5
{[%clk 0:56:13]} 17. Qc5 {[%clk 0:52:47]} Bd7 {[%clk 0:37:30]} 18. Nd4 {[%clk
0:44:13]} Rfe8 {[%clk 0:32:26]} 19. Nxc6 {[%clk 0:36:01]} Re6 {[%clk 0:32:34]}
20. Nd4 {[%clk 0:31:36]} Rh6 {[%clk 0:32:54]} 21. Nf3 {[%clk 0:24:24]} Qxf4
{[%clk 0:33:00]} 22. Qxc7 {[%clk 0:14:35]} Bg4 {[%clk 0:32:28]} 23. Nh4 {[%clk
0:10:13]} Qd4+ {[%clk 0:29:04]} 24. Kh1 {[%clk 0:08:58]} Rf8 {[%clk 0:28:18]} 25.
Nf5 {[%clk 0:08:45]} Bxf5 {[%clk 0:28:16]} 26. Rxf5 {[%clk 0:09:13]} Qh4 {[%clk
0:19:40]} 27. h3 {[%clk 0:09:22]} Qe4 {[%clk 0:19:56]} 28. Raf1 {[%clk 0:07:53]}
Rxh3+ {[%clk 0:19:50]} 29. Kg1 {[%clk 0:07:39]} Rg3 {[%clk 0:16:12]} 30. R5f2
{[%clk 0:07:05]} Qe3 {[%clk 0:12:29]} 31. e6 {[%clk 0:06:42]} fxe6 {[%clk
0:12:14]} 32. Qxg3 {[%clk 0:06:54]} 1-0

[Event "Poznan Chess Festival"]
[Site "chess24.com"]
[Date "2021.08.19"]
[Round "6"]
[White "Nowak, Roksana"]
[Black "Lesien, Tymoteusz"]
[Result "1-0"]
[Board "27"]
[WhiteElo "1561"]
[WhiteCountry "POL"]
[WhiteFideId "21847991"]
[WhiteEloChange "4"]
[BlackElo "1307"]
[BlackCountry "POL"]
[BlackFideId "21832676"]
[BlackEloChange "-4"]

1. e4 {[%clk 1:30:30]} c5 {[%clk 1:30:30]} 2. Nf3 {[%clk 1:30:30]} Nc6 {[%clk
1:30:30]} 3. d4 {[%clk 1:30:30]} cxd4 {[%clk 1:30:30]} 4. Nxd4 {[%clk 1:30:30]}
g6 {[%clk 1:30:30]} 5. c4 {[%clk 1:30:30]} Bg7 {[%clk 1:30:30]} 6. Be3 {[%clk
1:30:30]} Nf6 {[%clk 1:30:30]} 7. Nc3 {[%clk 1:30:30]} O-O {[%clk 1:30:30]} 8.
Be2 {[%clk 1:30:30]} d6 {[%clk 1:30:30]} 9. Nc2 {[%clk 1:30:30]} Qa5 {[%clk
1:30:30]} 10. O-O {[%clk 1:30:30]} Be6 {[%clk 1:30:30]} 11. Na3 {[%clk 1:30:30]}
Rfc8 {[%clk 1:30:30]} 12. f3 {[%clk 1:30:30]} Ne5 {[%clk 1:30:30]} 13. Nd5 {[%clk
1:30:30]} Bxd5 {[%clk 1:30:30]} 14. exd5 {[%clk 1:30:30]} Ned7 {[%clk 1:30:30]}
15. Bd4 {[%clk 1:30:30]} Nh5 {[%clk 1:30:30]} 16. g4 {[%clk 1:30:30]} Nf4 {[%clk
1:30:30]} 17. Bxg7 {[%clk 1:30:30]} Nxe2+ {[%clk 1:30:30]} 18. Qxe2 {[%clk
1:30:30]} Kxg7 {[%clk 1:30:30]} 19. Qxe7 {[%clk 1:30:30]} Qb6+ {[%clk 1:30:30]}
20. Kh1 {[%clk 1:30:30]} Ne5 {[%clk 1:30:30]} 21. b3 {[%clk 1:30:30]} 1-0

[Event "Poznan Chess Festival"]
[Site "chess24.com"]
[Date "2021.08.19"]
[Round "6"]
[White "Swiatek, Mateusz"]
[Black "Wojciechowski, Mateusz"]
[Result "1-0"]
[Board "29"]
[WhiteElo "1501"]
[WhiteCountry "POL"]
[WhiteFideId "21837678"]
[WhiteEloChange "3"]
[BlackElo "1171"]
[BlackCountry "POL"]
[BlackFideId "21081050"]
[BlackEloChange "-3"]

1. e4 {[%clk 1:30:30]} c5 {[%clk 1:30:30]} 2. Nf3 {[%clk 1:30:30]} g6 {[%clk
1:30:30]} 3. d4 {[%clk 1:30:30]} cxd4 {[%clk 1:30:30]} 4. Nxd4 {[%clk 1:30:30]}
Nc6 {[%clk 1:30:30]} 5. Nc3 {[%clk 1:30:30]} Bg7 {[%clk 1:30:30]} 6. Be3 {[%clk
1:30:30]} Nf6 {[%clk 1:30:30]} 7. Nb3 {[%clk 1:30:30]} O-O {[%clk 1:30:30]} 8.
Be2 {[%clk 1:30:30]} d6 {[%clk 1:30:30]} 9. O-O {[%clk 1:30:30]} Bd7 {[%clk
1:30:30]} 10. f4 {[%clk 1:30:30]} a5 {[%clk 1:30:30]} 11. a4 {[%clk 1:30:30]} Rc8
{[%clk 1:30:30]} 12. g4 {[%clk 1:30:30]} Nb4 {[%clk 1:30:30]} 13. Bd4 {[%clk
1:30:30]} Nc6 {[%clk 1:30:30]} 14. Be3 {[%clk 1:30:30]} Nb4 {[%clk 1:30:30]} 15.
g5 {[%clk 1:30:30]} Nxe4 {[%clk 1:30:30]} 16. Nxe4 {[%clk 1:30:30]} Nxc2 {[%clk
1:30:30]} 17. Qd2 {[%clk 1:30:30]} Bxb2 {[%clk 1:30:30]} 18. Ra2 {[%clk 1:30:30]}
Nxe3 {[%clk 1:30:30]} 19. Qxe3 {[%clk 1:30:30]} Bg7 {[%clk 1:30:30]} 20. Bb5
{[%clk 1:30:30]} Be6 {[%clk 1:30:30]} 21. Rd2 {[%clk 1:30:30]} d5 {[%clk
1:30:30]} 22. Nec5 {[%clk 1:30:30]} Qb6 {[%clk 1:30:30]} 23. Qf2 {[%clk 1:30:30]}
d4 {[%clk 1:30:30]} 24. Nxe6 {[%clk 1:30:30]} fxe6 {[%clk 1:30:30]} 25. Nxd4
{[%clk 1:30:30]} Rfd8 {[%clk 1:30:30]} 26. Nf3 {[%clk 1:30:30]} 1-0

[Event "Poznan Chess Festival"]
[Site "chess24.com"]
[Date "2021.08.19"]
[Round "6"]
[White "Pilny, Piotr"]
[Black "Nawrocki, Michal"]
[Result "1-0"]
[Board "30"]
[WhiteElo "1484"]
[WhiteCountry "POL"]
[WhiteFideId "21064334"]
[WhiteEloChange "3"]
[BlackElo "1165"]
[BlackCountry "POL"]
[BlackFideId "21097933"]
[BlackEloChange "-3"]

1. e4 {[%clk 1:30:30]} e6 {[%clk 1:30:30]} 2. Nf3 {[%clk 1:30:30]} d5 {[%clk
1:30:30]} 3. Nc3 {[%clk 1:30:30]} d4 {[%clk 1:30:30]} 4. Ne2 {[%clk 1:30:30]} c5
{[%clk 1:30:30]} 5. c3 {[%clk 1:30:30]} Nc6 {[%clk 1:30:30]} 6. Ng3 {[%clk
1:30:30]} h5 {[%clk 1:30:30]} 7. Bb5 {[%clk 1:30:30]} dxc3 {[%clk 1:30:30]} 8.
bxc3 {[%clk 1:30:30]} Bd7 {[%clk 1:30:30]} 9. h4 {[%clk 1:30:30]} Bd6 {[%clk
1:30:30]} 10. Bxc6 {[%clk 1:30:30]} Bxc6 {[%clk 1:30:30]} 11. Qe2 {[%clk
1:30:30]} Qc7 {[%clk 1:30:30]} 12. O-O {[%clk 1:30:30]} f6 {[%clk 1:30:30]} 13.
d4 {[%clk 1:30:30]} O-O-O {[%clk 1:30:30]} 14. Kh2 {[%clk 1:30:30]} g5 {[%clk
1:30:30]} 15. e5 {[%clk 1:30:30]} gxh4 {[%clk 1:30:30]} 16. Ne4 {[%clk 1:30:30]}
Be7 {[%clk 1:30:30]} 17. Bf4 {[%clk 1:30:30]} Bxe4 {[%clk 1:30:30]} 18. Qxe4
{[%clk 1:30:30]} f5 {[%clk 1:30:30]} 19. Qe3 {[%clk 1:30:30]} Kb8 {[%clk
1:30:30]} 20. Rab1 {[%clk 1:30:30]} Bf8 {[%clk 1:30:30]} 21. Ng5 {[%clk 1:30:30]}
cxd4 {[%clk 1:30:30]} 22. cxd4 {[%clk 1:30:30]} Qe7 {[%clk 1:30:30]} 23. Rfd1
{[%clk 1:30:30]} Ka8 {[%clk 1:30:30]} 24. Qb3 {[%clk 1:30:30]} Re8 {[%clk
1:30:30]} 25. Nxe6 {[%clk 1:30:30]} Qf7 {[%clk 1:30:30]} 26. Rdc1 {[%clk
1:30:30]} b6 {[%clk 1:30:30]} 27. Nc7+ {[%clk 1:30:30]} 1-0

[Event "Poznan Chess Festival"]
[Site "chess24.com"]
[Date "2021.08.19"]
[Round "6"]
[White "Wojciechowski, Szymon"]
[Black "Zakrzewska, Joanna"]
[Result "1/2-1/2"]
[Board "32"]
[WhiteElo "1207"]
[WhiteCountry "POL"]
[WhiteFideId "21055505"]
[WhiteEloChange "8"]
[BlackElo "1736"]
[BlackCountry "POL"]
[BlackFideId "1170112"]
[BlackEloChange "-8"]

1. e4 {[%clk 1:30:30]} c5 {[%clk 1:30:30]} 2. Nf3 {[%clk 1:30:30]} e6 {[%clk
1:30:30]} 3. c3 {[%clk 1:30:30]} d5 {[%clk 1:30:30]} 4. exd5 {[%clk 1:30:30]}
exd5 {[%clk 1:30:30]} 5. d4 {[%clk 1:30:30]} Nc6 {[%clk 1:30:30]} 6. Bb5 {[%clk
1:30:30]} Nf6 {[%clk 1:30:30]} 7. Bg5 {[%clk 1:30:30]} Be7 {[%clk 1:30:30]} 8.
O-O {[%clk 1:30:30]} O-O {[%clk 1:30:30]} 9. dxc5 {[%clk 1:30:30]} Be6 {[%clk
1:30:30]} 10. b4 {[%clk 1:30:30]} a5 {[%clk 1:30:30]} 11. Nd4 {[%clk 1:30:30]}
Nxd4 {[%clk 1:30:30]} 12. cxd4 {[%clk 1:30:30]} axb4 {[%clk 1:27:05]} 13. Qb3
{[%clk 1:30:30]} Qa5 {[%clk 1:27:05]} 14. Bd3 {[%clk 1:30:30]} Rfc8 {[%clk
1:27:05]} 15. Bd2 {[%clk 1:30:30]} b6 {[%clk 1:27:05]} 16. Bxb4 {[%clk 1:30:30]}
Qa4 {[%clk 1:27:05]} 17. Nc3 {[%clk 1:30:30]} Qxb3 {[%clk 1:27:05]} 18. axb3
{[%clk 1:30:30]} bxc5 {[%clk 1:27:05]} 19. Rxa8 {[%clk 1:30:30]} Rxa8 {[%clk
1:27:05]} 20. Bxc5 {[%clk 1:30:30]} Bxc5 {[%clk 1:27:05]} 21. dxc5 {[%clk
1:30:30]} d4 {[%clk 1:27:05]} 22. Nb5 {[%clk 1:30:30]} Bxb3 {[%clk 1:27:05]} 23.
Nxd4 {[%clk 1:30:30]} Bd5 {[%clk 1:27:05]} 24. Bb5 {[%clk 1:30:30]} Ne4 {[%clk
1:27:05]} 25. Rc1 {[%clk 1:30:30]} Kf8 {[%clk 1:27:05]} 26. f3 {[%clk 1:30:30]}
Nf6 {[%clk 1:27:05]} 27. Kf2 {[%clk 1:30:30]} Ne8 {[%clk 1:27:05]} 28. Re1 {[%clk
1:30:30]} Nc7 {[%clk 1:27:05]} 29. Bd7 {[%clk 1:30:30]} Ra2+ {[%clk 1:27:05]} 30.
Kg3 {[%clk 1:30:30]} Rd2 {[%clk 1:27:05]} 31. Nb5 {[%clk 1:30:30]} Be6 {[%clk
1:27:05]} 32. Bxe6 {[%clk 1:30:30]} Nxe6 {[%clk 1:27:05]} 33. Rc1 {[%clk
1:30:30]} Rd5 {[%clk 1:27:05]} 34. c6 {[%clk 1:30:30]} Rxb5 {[%clk 1:27:05]} 35.
c7 {[%clk 1:30:30]} Nxc7 {[%clk 1:27:05]} 36. Rxc7 {[%clk 1:30:30]} g6 {[%clk
1:27:05]} 37. h4 {[%clk 1:30:30]} Kg7 {[%clk 1:27:05]} 38. Kh3 {[%clk 1:30:30]}
Rf5 {[%clk 1:27:05]} 39. Rc3 {[%clk 1:30:30]} h5 {[%clk 1:27:05]} 40. g3 {[%clk
1:30:30]} Rb5 {[%clk 1:27:05]} 41. f4 {[%clk 1:30:30]} Rb2 {[%clk 1:27:05]} 42.
Rc7 {[%clk 1:30:30]} Rb5 {[%clk 1:27:05]} 43. Ra7 {[%clk 1:30:30]} 1/2-1/2